| 000 | 00450nam a2200145Ia 4500 | ||
|---|---|---|---|
| 008 | 230917s9999||||xx |||||||||||||| ||und|| | ||
| 040 |
_e40508 _aMAIN |
||
| 041 | _aEnglish | ||
| 082 | _a810.9 S72A | ||
| 100 | _aStone, Albert E | ||
| 245 | 0 | _aAutobiographical occasions and original acts: versions of America identify from Henry Adams to Nate Shaw | |
| 260 |
_aPhiladelphia _bUniversity of Pennsylvania _c1982 |
||
| 300 | _axvi, 349 p. | ||
| 942 | _cBK | ||
| 999 |
_c41545 _d41545 |
||